| 000 | 00751nam a2200241 i 4500 | ||
|---|---|---|---|
| 001 | 110578 | ||
| 003 | ES-MaACL | ||
| 005 | 20230906185107.0 | ||
| 007 | t| | ||
| 008 | 070201s1952 sp ||||1| spa d | ||
| 080 | _a821.111-31"18" | ||
| 100 | 1 |
_aHungerford, Margaret Wolfe. _964737 |
|
| 245 | 1 | 0 |
_a¿Qué oculta Chloe? / _cMrs. Hungerford ; versión del inglés por Ganose ; portada de Félix Puente. |
| 250 | _a1ª ed. | ||
| 260 |
_aMadrid : _bGilsa, _c1952. |
||
| 300 |
_a143 p. ; _c15 cm. |
||
| 490 | 1 |
_aBiblioteca de Chicas ; _v7 |
|
| 700 | 1 |
_aGanose, María del Pilar. _953875 |
|
| 700 | 1 |
_aPuente, Félix. _994140 |
|
| 830 | 0 |
_aBiblioteca de Chicas ; _v7 _9233036 |
|
| 852 |
_aES-MaACL _jD-492 _bR.138566 |
||
| 999 |
_c110578 _d110578 |
||